[Event "GER-chT Betriebe 15th"]
[Site "Munich"]
[Date "2015.10.23"]
[Round "3.2"]
[White "Kettenburg, Stefan"]
[Black "Peck, Malcolm"]
[Result "1-0"]
[WhiteElo "2063"]
[BlackElo "1677"]
[PlyCount "56"]
[EventDate "2015.10.22"]
[EventType "team-swiss"]
[EventRounds "7"]
[EventCountry "GER"]
[SourceTitle "EXT 2020"]
[Source "ChessBase"]
[SourceDate "2019.10.17"]
[SourceVersion "1"]
[SourceVersionDate "2019.10.17"]
[SourceQuality "1"]
[WhiteTeam "Berlin Tempelhof"]
[BlackTeam "Stuttgart Wuestenrot&Wuertt"]
[WhiteTeamCountry "GER"]
[BlackTeamCountry "GER"]

1. d4 d5 2. Nf3 e6 3. c4 Nf6 4. cxd5 exd5 5. Nc3 Bd6 6. Bg5 c6 7. Qc2 h6 8. Bh4 Be6 9. e3 Nbd7 10. Bd3 Qc7 11. 0-0 g5 12. Bg3 Bxg3 13. hxg3 Qd6 14. b4 Rg8 15. b5 h5 16. bxc6 bxc6 17. Rfc1 h4 18. Ne2 Rc8 19. gxh4 Ng4 20. hxg5 Rxg5 21. Nxg5 Qh2+ 22. Kf1 Qh1+ 23. Ng1 Nh2+ 24. Ke2 Qxg2 25. Nxe6 fxe6 26. Ba6 Rc7 27. Qh7 Qg4+ 28. Kd2 Qg2 1-0

[Event "GER-chT Betriebe 14th"]
[Site "Dresden"]
[Date "2014.11.20"]
[Round "1.2"]
[White "Peck, Malcolm"]
[Black "Hilbig, Olaf"]
[Result "0-1"]
[WhiteElo "1684"]
[BlackElo "2167"]
[PlyCount "70"]
[EventDate "2014.11.20"]
[EventType "team-swiss"]
[EventRounds "7"]
[EventCountry "GER"]
[SourceTitle "EXT 2020"]
[Source "ChessBase"]
[SourceDate "2019.10.17"]
[SourceVersion "1"]
[SourceVersionDate "2019.10.17"]
[SourceQuality "1"]
[WhiteTeam "Stuttgart Wuestenrot&Wuertt"]
[BlackTeam "Frankfurt Commerzbank"]
[WhiteTeamCountry "GER"]
[BlackTeamCountry "GER"]

1. d4 Nf6 2. c4 d6 3. Nc3 g6 4. e4 Bg7 5. Nf3 0-0 6. Be2 Nbd7 7. 0-0 e5 8. d5 Nc5 9. Qc2 a5 10. Ne1 Qe7 11. f3 Nh5 12. Nd3 b6 13. Be3 Bd7 14. Rad1 Rae8 15. Qd2 f5 16. exf5 gxf5 17. Bg5 Qf7 18. g4 Nf4 19. Nxf4 exf4 20. Bxf4 fxg4 21. fxg4 Qg6 22. h3 h5 23. Bd3 Nxd3 24. Qxd3 Bf5 25. Qg3 hxg4 26. hxg4 Qxg4 27. Rd3 Qh5 28. Rd2 Re7 29. Rdf2 Qg6 30. Qxg6 Bxg6 31. Rg2 Bd4+ 32. Kh1 Rh7+ 33. Rh2 Bxc3 34. bxc3 Be4+ 35. Kg1 Rg7+ 0-1

[Event "Augsburg Afro op-A 18th"]
[Site "Augsburg"]
[Date "2011.08.07"]
[Round "7"]
[White "Kleuster, Anton"]
[Black "Peck, Malcolm"]
[Result "0-1"]
[WhiteElo "1748"]
[BlackElo "1773"]
[PlyCount "88"]
[EventDate "2011.08.04"]
[EventType "swiss"]
[EventRounds "7"]
[EventCountry "GER"]
[SourceTitle "EXT 2015"]
[Source "ChessBase"]
[SourceDate "2014.11.20"]
[SourceVersion "1"]
[SourceVersionDate "2014.11.20"]
[SourceQuality "1"]

1. e4 c5 2. Nf3 Nc6 3. Nc3 g6 4. Bc4 Bg7 5. d3 Nf6 6. Be3 d6 7. Qd2 0-0 8. h4 Nh5 9. 0-0-0 a6 10. Rdg1 Na5 11. g4 Nxc4 12. dxc4 Nf6 13. Nh2 b5 14. Bh6 Bb7 15. f3 bxc4 16. Bxg7 Kxg7 17. h5 d5 18. hxg6 dxe4 19. Qg5 hxg6 20. Qe5 Qd6 21. Qxd6 exd6 22. g5 Nh5 23. fxe4 f5 24. gxf6+ Nxf6 25. Re1 Rh8 26. Re2 Ng4 27. Kd2 Raf8 28. Nd5 Rf2 29. Nxg4 Rxe2+ 30. Kxe2 Rxh1 31. Nge3 Bxd5 32. Nxd5 Rh2+ 33. Kd1 Kf7 34. Nc7 Ke7 35. Nxa6 Kd7 36. e5 Rf2 37. exd6 Kxd6 38. a4 g5 39. a5 g4 40. b4 g3 41. bxc5+ Kd7 42. c6+ Kxc6 43. Nb4+ Kc5 44. Ke1 Kxb4 0-1

[Event "Augsburg Afro op-A 18th"]
[Site "Augsburg"]
[Date "2011.08.06"]
[Round "6"]
[White "Peck, Malcolm"]
[Black "Mauss, Ernst"]
[Result "1-0"]
[WhiteElo "1773"]
[BlackElo "1660"]
[PlyCount "63"]
[EventDate "2011.08.04"]
[EventType "swiss"]
[EventRounds "7"]
[EventCountry "GER"]
[SourceTitle "EXT 2015"]
[Source "ChessBase"]
[SourceDate "2014.11.20"]
[SourceVersion "1"]
[SourceVersionDate "2014.11.20"]
[SourceQuality "1"]

1. d4 g6 2. c4 Bg7 3. Nc3 d6 4. e4 Nc6 5. Nf3 e5 6. d5 Nce7 7. Be2 Nf6 8. Be3 0-0 9. Qd2 Ng4 10. Bg5 h6 11. Bh4 g5 12. h3 Nf6 13. Bg3 Ng6 14. h4 g4 15. Nh2 h5 16. f3 Kh7 17. fxg4 hxg4 18. Qd1 Qd7 19. Rf1 a6 20. Rf5 Qe7 21. Bxg4 Bxf5 22. Bxf5 Kg8 23. Qd2 Nh5 24. Bf2 Nxh4 25. 0-0-0 Nxf5 26. exf5 Qf6 27. g4 Bh6 28. Be3 Bxe3 29. Qxe3 Nf4 30. Ne4 Qh4 31. Nf3 f6 32. Nxh4 1-0